01444nam a2200253 a 450000100100000000500170001000800410002702000150006804000250008308200200010810000390012824501210016726000360028830000280032450000340035250000700038650400730045650400350052950504410056470000410100504900090104695201180105599900170117300001786020250401135254.0100406s2004 dr c 000 0 spa d a9993404500 aDO-SdBNPbspacBNPHU a972.93053bJ96a1 aJusto Duarte, Amaury,d1942-9857510aAuge y caída de los trujillistas (1955-1962) /cAmaury Justo Duarte ; cuidado de edición Maribel Justo Suárez. aSanto Domingo :bBúho,c2004. a285 p. :bil. ;c23 cm. aIncluye índice onomástico aIncluye datos biográficos del autor en la solapa de la cubierta aIncluye referencias bibliográficas y notas al pie de las páginas aBibliografías : [p. 277-280]2 aPrefacio -- Introducción -- LA SOCIEDAD DOMINICANA A LA VISPERA DE LA COYUNTURA DE 1961 -- La estructura económica de la formación social -- La estructura de clases -- El régimen político -- De la Feria de la Paz a la represión de enero de 1960 -- De enero de 1960 al 30 de mayo de 1961 -- EL DERRUMBE DEL SISTEMA POLITICO -- Del 30 de mayo al 20 de noviembre de 1961 -- Del 20 de noviembre de 1961 al 1º de enero del 1962.1 aJusto Suárez, Maribel,eed.938773 aBNPD 0010718PDaPDbPDcCTd2010-04-06iLF1l0o972.93053 J96ap17860-10r2020-06-25w2020-06-25yLFPDZNo se presta c17384d17384